书目信息 |
| 题名: |
体育场地管理
|
|
| 作者: | 杨峰 主编 | |
| 分册: | ||
| 出版信息: | 北京 人民体育出版社 1997.02 |
|
| 页数: | 414页 | |
| 开本: | 20cm | |
| 丛书名: | ||
| 单 册: | ||
| 中图分类: | G818 | |
| 科图分类: | ||
| 主题词: | 场地(体育)--管理--技术教育--教材 | |
| 电子资源: | ||
| ISBN: | 7-5009-1491-1 | |
| 000 | 00693nam0 2200253 450 | |
| 001 | CAL 012000526125 | |
| 005 | 20040715172952.3 | |
| 010 | @a7-5009-1491-1@dCNY21.00 | |
| 099 | @aCAL 012000526125 | |
| 100 | @a20041221d1997 fkmy0chiy0121 ea | |
| 101 | 0 | @achi |
| 102 | @aCN@b110000 | |
| 105 | @ay z 000yy | |
| 200 | 1 | @a体育场地管理@Ati yu chang di guan li@f[杨峰主编] |
| 210 | @a北京@c人民体育出版社@d1997.02 | |
| 215 | @a414页@d20cm | |
| 300 | @a全国体育场地工培训教材 | |
| 606 | 0 | @a场地(体育)@x管理@x技术教育@j教材 |
| 690 | @aG818@v3 | |
| 701 | 0 | @a杨峰@Ayang feng@4主编 |
| 801 | 0 | @aCN@bZSU@c20041221 |
| 905 | @aBZT@dG818@e2@f6 | |
| 906 | @dCNY18.00@n0@r1 | |
| 998 | @aWUL | |
| 体育场地管理/[杨峰主编].-北京:人民体育出版社,1997.02 |
| 414页;20cm |
| 全国体育场地工培训教材 |
| ISBN 7-5009-1491-1:CNY21.00 |
| ● |
| 相关链接 |
|
|
|
正题名:体育场地管理
索取号:G818/2
 
预约/预借
| 序号 | 登录号 | 条形码 | 馆藏地/架位号 | 状态 | 备注 |
| 1 | 0376601 | 200889707 | 样本书库/样001架A面3层2列/ [索取号:G818/2] | 在馆 | |
| 2 | 0376602 | 200889716 | 中心书库北库/ 北库026架A面3列6层11/ [索取号:G818/2] | 在馆 | |
| 3 | 0376603 | 200889681 | 中心书库北库/ 北库026架A面3列6层9/ [索取号:G818/2] | 在馆 | |
| 4 | 0376604 | 200889690 | 中心书库北库/ 北库026架A面3列6层7/ [索取号:G818/2] | 在馆 | |
| 5 | 0376605 | 200889663 | 中心书库北库/ 北库026架A面3列6层5/ [索取号:G818/2] | 在馆 | |
| 6 | 0376606 | 200889672 | 中心书库北库/ 北库026架A面3列6层8/ [索取号:G818/2] | 在馆 |